000 00748nam a22002177a 4500
003 PILC
005 20160107144809.0
008 150528b xxu||||| |||| 00| 0 eng d
010 _a2007035865
020 _a0071249982
020 _a9780071249980
050 0 0 _aQA 152.3
_b.D837 2006
100 1 _aDugopolski, Mark.
245 1 0 _aAlgebra for college students
_cMark Dugopolski.
250 _aFourth edition, International edition.
300 _a1 volume (various pagings) :
_billustrations ;
_c22 cm.
440 0 _aMcGraw-Hill international editions
500 _aReprint. Originally published: Boston : McGraw-Hill Higher Education, 2006.
650 0 _aAlgebra
_vTextbooks.
942 _2lcc
_cBK
_hQA 152.3 .D837 2006
999 _c284475
_d284475